01062nam a2200205Ia 4500003000400000005001700004008004100021020001800062040000700080041001200087082001500099100002100114245002100135260002000156300002700176365001300203500060400216650001200820650002400832OSt20250722174402.0210423s2010 xx 000 0 und d a9780415487320 cAL aEnglish a082 bRUSB aBertrand Russell aFact and fiction bRoutledgec2010 axv,304p.bPBc20x13cm. b395cINR aFirst published in 1961, Fact and Fiction is a collection of Bertrand Russell’s essays that reflect on the books and writings that influenced his life, including fiction, essays on politics and education, divertissements and parables. Also broaching on the highly controversial issues of war and peace, it is in this classic collection that Russell states some of his most famous pronouncements on nuclear warfare and international relations. It is a remarkable book that provides valuable insight into the range of interests and depth of convictions of one of the world’s greatest philosophers. aGeneral aGeneral Collections